000 01526nam a2200361Ia 4500
001 dia_6218
003 CHAP
005 20230327121239.0
008 220117s1972 xx 000 0 und d
010 _a177441
040 _cCHAP
082 _a664.8 C87 1972
110 _aMéxico. Secretaría de Educación Pública
_977166
245 _aCurso teórico práctico sobre conservación y transformación de frutas y hortalizas /
_c dirección Gaetano Paltrinieri ; coordinación José González Ramírez ; colaboración Herlinda López Tovar...[et al...]
260 _aMéxico :
_b Secretaría de Educación Publica. Dirección General de Educación Tecnológica Agropecuaria,
_c1972
300 _a3 t.
500 _aLa biblioteca cuenta con los tomos 1 y 2
503 _aD.
504 _aBibliografía: h. [353-360]
590 _aTX612.F7 C87 1972
650 _aFruits
_xFood preservation
_9148119
650 _aFrutos
_xPreservación de alimentos
_9148120
650 _aVegetables
_xFood preservation
_9153241
650 _aVerduras
_xPreservación de alimentos
_9153242
700 _aGonzález Ramírez, José, coord.
_9147834
700 _aLópez Tovar, Herlinda, colab.
_9161228
700 _aPaltrinieri, Gaetano, dir.
_9161229
710 _aSecretaría de Educación Pública. Dirección General de Educación Tecnologíca Agropecuaria (México)
_9161230
901 _a664.8 C87 1972
902 _aM
905 _a5232271972 mx anm 8223123322spa16
942 _cLIBRO
999 _c177441
_d177441